|
|
|
|
| LEADER |
00706nta a2200169 i 4500 |
| 001 |
dipl80751 |
| 005 |
20191108081713.0 |
| 008 |
191106s2016 hu om 0|| zxx d |
| 040 |
|
|
|a SZTE Diploma Repozitórium
|b hun
|
| 041 |
|
|
|a zxx
|
| 100 |
1 |
|
|a Horváth Zoltán
|
| 245 |
1 |
2 |
|a A Dorozsmai Nagybani Piac Üzemeltető Kft. elektronikus kereskedelmi tevékenysége
|h [elektronikus dokumentum] /
|c Zoltán Horváth
|
| 246 |
1 |
0 |
|a The e-commerce activities of the Dorozsmai Nagybani Piac Üzemeltető Ltd. Co.
|h [elektronikus dokumentum]
|
| 260 |
|
|
|c 2016
|
| 650 |
|
4 |
|a Gazdaságtudományok
|
| 700 |
1 |
|
|a Balogh Csilla
|e ths
|
| 856 |
4 |
0 |
|u http://diploma.bibl.u-szeged.hu/id/eprint/80751/1/2016_horvath_zoltan.pdf
|z Dokumentum-elérés
|